| 000 | 00565nam a2200169 i 4500 | ||
|---|---|---|---|
| 001 | 79000 | ||
| 003 | ES-MaACL | ||
| 005 | 20230906173856.0 | ||
| 007 | t| | ||
| 008 | 041019s1957 sp ||||1| spa d | ||
| 100 | 1 |
_aHellner, Hans. _962458 |
|
| 245 | 1 | 0 |
_aTumores óseos / _cHans Hellner ; traducción de la segunda edición alemana por Lesmes Zabal Cervera. |
| 260 |
_aBarcelona : _bLabor, _c1957 ( _fTalls. Gráf. Ibero-Americanos) |
||
| 300 |
_aXII, 372 p. : _bil. ; _c25 cm. |
||
| 700 | 1 |
_aZabal Cervera, Lesmes. _9117773 |
|
| 852 |
_aES-MaACL _jC-14145 _bR.41762 |
||
| 999 |
_c79000 _d79000 |
||